| 000 | 00645nam a22001817a 4500 | ||
|---|---|---|---|
| 003 | BD-DhUL | ||
| 005 | 20180527094211.0 | ||
| 008 | 161027s1983 ii a|||| |||| 000 0 ben d | ||
| 040 |
_aBD-DhUL _cBD-DhUL |
||
| 082 |
_a891.444 _bGHP |
||
| 100 | 1 | _aঘোষ, মুরারি। | |
| 245 | 1 | 0 |
_aপ্রাক-আধুনিক বঙ্গ সংস্কৃতি / _cমুরারি ঘোষ। |
| 260 |
_aকলকাতা : _bএ. মুখার্জী, _c১৯৮৩। |
||
| 300 |
_a৭৬ পৃ. ; _c২২ সেমি. |
||
| 650 | 4 | _aবাংলা প্রবন্ধ | |
| 650 | 4 | _aBengali essays | |
| 942 |
_2ddc _cBK |
||
| 999 |
_c117658 _d117658 |
||